[Event "Chigorin Memorial"]
[Site "St Petersburg RUS"]
[Date "2012.10.30"]
[Round "4.86"]
[White "Kalinin, Nikita"]
[Black "Khusenkhojaev, Muhammad"]
[Result "1/2-1/2"]
[WhiteElo "2153"]
[BlackElo "2377"]
[WhiteFideId "24155390"]
[BlackFideId "14700247"]
[EventDate "2012.10.27"]

1. d4 Nf6 2. c4 e6 3. Nc3 Bb4 4. e3 b6 5. Ne2 Ne4 6. Qc2 Bb7 7. a3 Bxc3+ 8. Nxc3
Nxc3 9. Qxc3 O-O 10. b4 a5 11. Bb2 axb4 12. axb4 Rxa1+ 13. Bxa1 Qg5 14. h4 Qh6
15. Rh3 Nc6 16. g4 Ra8 17. Bb2 Ne7 18. g5 Qg6 19. Bd3 Be4 20. d5 f5 21. h5 Qf7
22. g6 hxg6 23. h6 Bg2 24. Rh2 Bf3 25. Be2 Bh5 26. Bxh5 gxh5 27. Rxh5 Kh7 28.
dxe6 dxe6 29. Qxg7+ Qxg7 30. hxg7+ Kg6 31. Rh4 c5 32. b5 Ra2 33. Be5 Kf7 34. Rh7
Ng8 35. Bc7 Nf6 36. g8=Q+ Kxg8 37. Re7 Rc2 38. Rxe6 Kf7 39. Re5 f4 40. Bxb6 Nd7
41. Rf5+ Ke6 42. Rh5 Nxb6 43. Rh6+ Kf5 44. Rxb6 f3 45. Rc6 Ke4 46. Rxc5 Kd3 47.
Rd5+ Kxc4 48. Rf5 Kd3 49. Rd5+ Kc4 50. Rf5 Kd3 51. Rd5+ Kc4 52. Rd4+ Kc3 53. Rd1
Rb2 54. Kf1 Rxb5 55. Kg1 Rg5+ 56. Kh2 Rg2+ 57. Kh3 Kc2 58. Rd6 Rxf2 59. Kg3 Rf1
60. Rf6 Kd3 61. Rxf3 Rh1 62. Kf4 Rh4+ 63. Kg3 Rh8 64. Kf2 Rh2+ 65. Kg3 Rh8 66.
Kf4 Rh4+ 1/2-1/2

[Event "Chigorin Memorial"]
[Site "St Petersburg RUS"]
[Date "2012.10.30"]
[Round "4.87"]
[White "Hallaeva, Bahar"]
[Black "Karasev, Vladimir I"]
[Result "1/2-1/2"]
[WhiteTitle "WFM"]
[BlackTitle "IM"]
[WhiteElo "2139"]
[BlackElo "2373"]
[WhiteFideId "14000679"]
[BlackFideId "4103971"]
[EventDate "2012.10.27"]

1. e4 c5 2. Nf3 g6 3. c3 Nf6 4. e5 Nd5 5. d4 cxd4 6. cxd4 Bg7 7. Bc4 Nb6 8. Bb3
d5 9. exd6 Qxd6 10. Nc3 Be6 11. Be3 Bc4 12. Bxc4 Nxc4 13. Qb3 Nb6 14. Nb5 Qd8
15. Rc1 Na6 16. O-O Nc8 17. Rc2 O-O 18. Rfc1 Nd6 19. Nxd6 Qxd6 20. Qxb7 Nb4 21.
Rc8 Raxc8 22. Rxc8 Nxa2 23. Rxf8+ Bxf8 24. Qxa7 Nb4 25. Qa8 Nc6 26. Bh6 Nb8 27.
Bxf8 Kxf8 28. h3 Kg7 29. Qa3 Qd8 30. Qc5 Nd7 31. Qc6 Nf6 32. b4 Nd5 33. b5 e6
34. Ne5 Qg5 35. Nf3 Qf5 36. Qd7 Nf4 37. Ne5 Ne2+ 38. Kf1 Ng3+ 1/2-1/2

[Event "Chigorin Memorial"]
[Site "St Petersburg RUS"]
[Date "2012.10.30"]
[Round "4.88"]
[White "Shuraev, Andrei"]
[Black "Aminov, Andrey"]
[Result "0-1"]
[WhiteTitle "IM"]
[WhiteElo "2368"]
[BlackElo "2147"]
[WhiteFideId "4115295"]
[BlackFideId "24162728"]
[EventDate "2012.10.27"]

1. c4 Nf6 2. Nc3 g6 3. g3 Bg7 4. Bg2 O-O 5. d4 d6 6. Nf3 Nc6 7. O-O a6 8. Qd3
Bd7 9. e4 e5 10. d5 Nb4 11. Qe2 a5 12. a3 Na6 13. b3 Nc5 14. Rb1 Nfxe4 15. Nxe4
Nxe4 16. Bb2 f5 17. Nd2 Nxd2 18. Qxd2 b6 19. Rfe1 f4 20. Be4 Qg5 21. f3 h5 22.
Bc1 Bh6 23. Qg2 Kh7 24. Kh1 Rf6 25. Rg1 Bf5 26. Qf1 Bxe4 27. fxe4 Raf8 28. h3 a4
29. b4 Qxg3 30. b5 Qh4 31. Qf3 g5 0-1

[Event "Chigorin Memorial"]
[Site "St Petersburg RUS"]
[Date "2012.10.30"]
[Round "4.89"]
[White "Kostrikina, Anna"]
[Black "Yandarbiev, Ruslan"]
[Result "0-1"]
[WhiteTitle "WFM"]
[BlackTitle "IM"]
[WhiteElo "2138"]
[BlackElo "2356"]
[WhiteFideId "4176219"]
[BlackFideId "4115023"]
[EventDate "2012.10.27"]

1. e4 c5 2. Nf3 d6 3. d4 cxd4 4. Nxd4 Nf6 5. Nc3 a6 6. Be2 e5 7. Nb3 Be7 8. O-O
O-O 9. Be3 Be6 10. Qd3 Nc6 11. a3 Na5 12. Nd2 Rc8 13. Rad1 Qc7 14. Nd5 Nxd5 15.
exd5 Bd7 16. c4 f5 17. f4 b5 18. b3 bxc4 19. Nxc4 Nxc4 20. Qxc4 exf4 21. Qxc7
Rxc7 22. Bxf4 g5 23. Bd2 Ra8 24. Rc1 Rb7 25. Bc4 Bf6 26. Rce1 Kg7 27. g3 h6 28.
Kg2 Be5 29. Rh1 Kg6 30. h4 Bb5 31. hxg5 hxg5 32. Bb4 Rd8 33. Rc1 Rf8 34. Rhe1
Rf6 35. Re2 f4 36. gxf4 Rxf4 37. Bxb5 Rxb5 38. Rc6 Rxd5 39. Rxa6 Kf5 40. Ra5
Rg4+ 41. Kf2 Rxa5 42. Bxa5 d5 43. Be1 d4 44. Kf3 Rf4+ 45. Kg2 g4 46. Bg3 Re4 47.
Rf2+ Bf4 48. b4 d3 49. b5 d2 50. Rf1 Re2+ 51. Kg1 d1=Q 52. Rxd1 Bxg3 53. Rd3 Bc7
54. Rd7 Rc2 55. a4 g3 56. Rg7 Ke4 57. b6 Bxb6+ 58. Kf1 Rf2+ 59. Ke1 Ba5+ 0-1

[Event "Chigorin Memorial"]
[Site "St Petersburg RUS"]
[Date "2012.10.30"]
[Round "4.91"]
[White "Dmitriev, Igor"]
[Black "Pyatin, Alexander"]
[Result "1-0"]
[WhiteTitle "IM"]
[WhiteElo "2340"]
[BlackElo "2091"]
[WhiteFideId "4114833"]
[BlackFideId "24125920"]
[EventDate "2012.10.27"]

1. g3 Nf6 2. Bg2 g6 3. d4 d5 4. Nc3 Bg7 5. Bg5 c6 6. Qd2 h6 7. Bxf6 Bxf6 8. f4
Nd7 9. Nf3 e6 10. O-O Bg7 11. Nd1 f5 12. Nf2 O-O 13. Nd3 Kh7 14. Rac1 b5 15. b3
Qb6 16. Qe3 Nf6 17. c3 Re8 18. h3 Re7 19. Kh2 a5 20. Nfe5 Nd7 21. g4 Nxe5 22.
fxe5 Bd7 23. gxf5 gxf5 24. Bf3 Be8 25. Rg1 a4 26. b4 Qd8 27. Nf4 Qc8 28. Bh5 Bf8
29. Bg6+ Bxg6 30. Rxg6 Qe8 31. Rcg1 Raa7 32. Nh5 Qxg6 33. Nf6+ 1-0

[Event "Chigorin Memorial"]
[Site "St Petersburg RUS"]
[Date "2012.10.30"]
[Round "4.92"]
[White "Fedorov, Viktor"]
[Black "Tologontegin, Semetey"]
[Result "0-1"]
[BlackTitle "FM"]
[WhiteElo "2118"]
[BlackElo "2338"]
[WhiteFideId "24195430"]
[BlackFideId "13800574"]
[EventDate "2012.10.27"]

1. d4 Nf6 2. Nf3 e6 3. e3 c5 4. Be2 Be7 5. O-O O-O 6. c4 cxd4 7. Nxd4 a6 8. Nc3
Qc7 9. Bd2 b6 10. Bf3 Bb7 11. Bxb7 Qxb7 12. Qf3 Nc6 13. Nxc6 dxc6 14. Ne4 Nd7
15. Bc3 Qc7 16. Qg3 Qxg3 17. hxg3 Rfd8 18. g4 f6 19. Rfd1 Nf8 20. Kf1 Kf7 21.
Ke2 f5 22. gxf5 exf5 23. Nd2 Bf6 24. Rac1 c5 25. Nf3 Ke6 26. Bxf6 Kxf6 27. Rxd8
Rxd8 28. Rd1 Rxd1 29. Kxd1 g5 30. Ke2 Ng6 31. b3 f4 32. Nd2 Ke5 33. Nf3+ Kf5 34.
Nd2 g4 35. Nb1 h5 36. Nc3 h4 37. Kf1 f3 38. Na4 Ne5 39. Nxb6 h3 40. gxh3 gxh3
41. Kg1 Ng4 42. Nd7 Nxf2 43. Nxc5 Ng4 0-1

[Event "Chigorin Memorial"]
[Site "St Petersburg RUS"]
[Date "2012.10.30"]
[Round "4.94"]
[White "Gubernatorov, Sergey"]
[Black "Zhilchikov, Nikolai"]
[Result "1-0"]
[WhiteTitle "FM"]
[WhiteElo "2311"]
[BlackElo "2077"]
[WhiteFideId "4148215"]
[BlackFideId "4137264"]
[EventDate "2012.10.27"]

1. c4 c5 2. g3 Nc6 3. Bg2 g6 4. Nc3 Bg7 5. a3 Nf6 6. e4 O-O 7. Nge2 d6 8. d3 a6
9. Rb1 Rb8 10. b4 cxb4 11. axb4 b5 12. cxb5 axb5 13. O-O Bd7 14. h3 Qc8 15. Kh2
Ne8 16. Nd5 Be6 17. Bb2 Qd7 18. Bxg7 Nxg7 19. Qd2 f5 20. Rbc1 Rfc8 21. Rxc6 Rxc6
22. exf5 Nxf5 23. g4 Nh4 24. Nxe7+ Qxe7 25. Bxc6 d5 26. f4 Qd6 27. Nd4 Bf7 28.
Qe1 Rc8 29. Qxh4 Rxc6 30. Nxc6 Qxc6 31. Qf2 Qc3 32. f5 Qxd3 33. Rc1 Qe4 34. fxg6
hxg6 35. Rf1 Qe5+ 36. Qf4 Qe8 37. Rf2 Qe7 38. Qf6 Qc7+ 39. Kg2 Qd7 40. Rf4 Qa7
41. Kg3 Qc7 42. Kh4 Qd7 43. Kg5 1-0

[Event "Chigorin Memorial"]
[Site "St Petersburg RUS"]
[Date "2012.10.30"]
[Round "4.95"]
[White "Kostyuchenko, Vladimir"]
[Black "Barhudarian, Rafael"]
[Result "0-1"]
[BlackTitle "FM"]
[WhiteElo "2101"]
[BlackElo "2305"]
[WhiteFideId "4126084"]
[BlackFideId "4182685"]
[EventDate "2012.10.27"]

1. d4 Nc6 2. Nf3 Nf6 3. d5 Nb8 4. c4 g6 5. Nc3 d6 6. g3 Bg7 7. Bg2 O-O 8. O-O a5
9. Bg5 Nbd7 10. Qd2 Re8 11. Bh6 Bh8 12. h3 Nc5 13. Nd4 e5 14. dxe6 Nxe6 15. Nxe6
Bxe6 16. b3 Qc8 17. g4 Bd7 18. Rac1 Bc6 19. f3 Qd7 20. e4 b6 21. Rfd1 Qe6 22.
Nd5 Rac8 23. Nf4 Qe7 24. Nd5 Qe6 25. Nf4 Qe5 26. Nd3 Qe7 27. Nf4 Nd7 28. Nd5
Bxd5 29. cxd5 Nc5 30. Bf1 Qh4 31. Bg5 Qg3+ 32. Qg2 Qxg2+ 33. Kxg2 f5 34. Bb5 Re5
35. Bf4 Re7 36. Bg5 Rf7 37. exf5 gxf5 38. Re1 fxg4 39. hxg4 Be5 40. Rh1 Rcf8 41.
Rcf1 Bf4 42. Bh4 Be5 43. Bg5 Bf4 44. Bh4 Be3 45. Bg3 Rf6 46. Bh4 R6f7 47. Rh3
Rf4 48. Re1 Bd2 49. Re2 Bc3 50. Be7 Ra8 51. Bg5 Rf7 52. Be3 a4 53. Bxc5 axb3 54.
axb3 bxc5 55. Bc4 Bd4 56. Rh1 Raf8 57. Rh3 Be5 58. Ra2 Bd4 59. Re2 Ra8 60. Rh1
Rb8 61. Rhe1 Rbf8 62. Rf1 h5 63. Re4 Rg7 64. Rh1 hxg4 65. Rxg4 Rxg4+ 66. fxg4
Rf4 67. Kh3 Rf3+ 68. Kg2 Rc3 69. Rf1 Kg7 70. Rd1 Kf6 71. Rd3 Rc2+ 72. Kf3 Kg5
73. Kg3 Rb2 74. Rd1 Rc2 75. Kf3 Rf2+ 76. Kg3 Rf8 77. Rf1 Be5+ 78. Kg2 Rh8 79.
Rh1 Ra8 80. Rh7 Kxg4 81. Rxc7 Ra2+ 82. Kf1 Kf3 83. Rf7+ Bf4 84. Kg1 Ra1+ 85. Bf1
Rb1 0-1

[Event "Chigorin Memorial"]
[Site "St Petersburg RUS"]
[Date "2012.10.30"]
[Round "4.96"]
[White "Korchagina, Viktoria"]
[Black "Pavlov, Aleksandr"]
[Result "0-1"]
[WhiteTitle "WFM"]
[WhiteElo "2071"]
[BlackElo "2300"]
[WhiteFideId "4197224"]
[BlackFideId "4119924"]
[EventDate "2012.10.27"]

1. e4 c5 2. Nf3 d6 3. d4 cxd4 4. Nxd4 Nf6 5. Nc3 a6 6. Be2 e5 7. Nb3 Be7 8. O-O
Be6 9. Bf3 Nbd7 10. a4 Rc8 11. a5 O-O 12. Re1 Re8 13. Be3 Qc7 14. Nd2 Nf8 15.
Nf1 Ng6 16. g3 Qc6 17. Bg5 b5 18. Ne3 Qc5 19. h4 b4 20. Ncd5 Nxd5 21. exd5 Bd7
22. Be4 f6 23. h5 Nf8 24. Bh4 g5 25. hxg6 hxg6 26. g4 f5 27. Bxe7 fxe4 28. Bh4
Nh7 29. Kg2 Rf8 30. Rh1 Rf4 31. Bg3 Ng5 32. Bxf4 exf4 33. Nf5 gxf5 34. Rh5 Nf7
35. gxf5 Kg7 36. Qg4+ Kf8 37. Rah1 f3+ 38. Kg1 Qd4 39. Qf4 Rxc2 40. Qh4 Qg7+ 41.
Qg3 Qxg3+ 42. fxg3 Rg2+ 43. Kf1 Bb5+ 44. Ke1 f2+ 45. Kd1 Rg1+ 0-1

[Event "Chigorin Memorial"]
[Site "St Petersburg RUS"]
[Date "2012.10.30"]
[Round "4.97"]
[White "Papp, Petra"]
[Black "Rudakov, Aleksandr"]
[Result "1/2-1/2"]
[WhiteTitle "WGM"]
[WhiteElo "2298"]
[BlackElo "2060"]
[WhiteFideId "739049"]
[BlackFideId "24135763"]
[EventDate "2012.10.27"]

1. e4 e6 2. d4 d5 3. Nc3 Nf6 4. e5 Nfd7 5. f4 c5 6. Nf3 Nc6 7. Be3 a6 8. Qd2 b5
9. dxc5 Bxc5 10. Bd3 Qb6 11. Bf2 Bxf2+ 12. Qxf2 Qxf2+ 13. Kxf2 O-O 14. Rhd1 Nc5
15. Ne2 b4 16. Ned4 Nxd4 17. Nxd4 a5 18. Ke3 Ba6 19. a3 b3 20. Rdc1 Bxd3 21.
cxd3 Na4 22. Rab1 h5 23. f5 exf5 24. Nxf5 Rae8 25. Kd4 f6 26. Re1 fxe5+ 27. Rxe5
Rxe5 28. Kxe5 Re8+ 29. Kxd5 Re2 30. Kc4 Rxg2 31. Kxb3 Nc5+ 32. Kc4 Rc2+ 33. Kd4
Nb3+ 34. Ke5 Re2+ 35. Kd5 g6 36. Rg1 Kh7 37. Nh4 Rxh2 38. Nxg6 Rxb2 39. Nf4 Rc2
40. d4 Rd2 41. Ne6 Kh6 42. a4 Rf2 43. Nc5 Nd2 44. Ne4 Nxe4 45. Kxe4 Ra2 46. d5
Rxa4+ 47. Ke5 Rb4 48. d6 Rb8 49. d7 h4 50. Kf6 a4 51. Rg4 Kh5 52. Rg5+ Kh6 53.
Rg6+ Kh5 54. Rg5+ Kh6 55. Rg4 Kh5 56. Rxa4 h3 57. Rc4 Rd8 58. Ke7 Rxd7+ 59. Kxd7
h2 60. Rc1 Kg4 61. Ke6 Kg3 62. Kf5 Kg2 63. Kg4 h1=Q 64. Rxh1 1/2-1/2

[Event "Chigorin Memorial"]
[Site "St Petersburg RUS"]
[Date "2012.10.30"]
[Round "4.98"]
[White "Androsov, Sergey"]
[Black "Minko, Vladimir"]
[Result "1/2-1/2"]
[WhiteElo "2081"]
[BlackElo "2293"]
[WhiteFideId "4102681"]
[BlackFideId "24146706"]
[EventDate "2012.10.27"]

1. e4 c5 2. Nf3 Nc6 3. d4 cxd4 4. Nxd4 Nf6 5. Nc3 e5 6. Ndb5 d6 7. Bg5 a6 8. Na3
b5 9. Bxf6 gxf6 10. Nd5 f5 11. Bd3 Be6 12. c3 Bg7 13. Qh5 f4 14. g3 Ne7 15. Nxe7
Qxe7 16. Rg1 fxg3 17. Rxg3 Qf6 18. Nc2 Bh6 19. a4 bxa4 20. Rxa4 a5 21. Nb4 Bf4
22. Rg1 Bc1 23. Bb5+ Kf8 24. Qd1 Bxb2 25. Qxd6+ Qe7 26. Qxe7+ Kxe7 27. Nc6+ Kd6
28. Kd2 Kc5 29. c4 Bd4 30. Rb1 Bxf2 31. Nxe5 Kd6 32. Nd3 Bh4 33. e5+ Ke7 34. Bc6
Rad8 35. Kc3 Bf5 36. Rb7+ Kf8 37. Bd5 Bg6 38. Rxa5 Kg7 39. Raa7 Rhe8 40. Rd7
Rxd7 41. Rxd7 Re7 42. Rxe7 Bxe7 43. Nb4 Bc5 44. Na6 Bg1 45. h3 Bf5 46. Bg2 f6
47. exf6+ Kxf6 1/2-1/2

[Event "Chigorin Memorial"]
[Site "St Petersburg RUS"]
[Date "2012.10.30"]
[Round "4.99"]
[White "Nikolova, Adriana"]
[Black "Popelyshev, Igor V."]
[Result "1-0"]
[WhiteTitle "WGM"]
[WhiteElo "2290"]
[BlackElo "2071"]
[WhiteFideId "2908689"]
[BlackFideId "24116610"]
[EventDate "2012.10.27"]

1. e4 e5 2. Nf3 Nc6 3. Nc3 Nf6 4. Bb5 Bb4 5. O-O O-O 6. Nd5 Bd6 7. Re1 a6 8. Bc4
b5 9. Bb3 Na5 10. d4 Nxb3 11. axb3 Nxd5 12. exd5 exd4 13. Qxd4 Be7 14. Bf4 d6
15. Qd2 Bf6 16. Bg5 Bxg5 17. Nxg5 Qf6 18. c4 bxc4 19. bxc4 Rb8 20. b4 Bb7 21.
Ra3 h6 22. Ne4 Qd8 23. Rg3 Kh8 24. Qd4 f6 25. Rge3 Re8 26. Kf1 Rf8 27. Ng3 Rf7
28. Nf5 Qd7 29. Qf4 Rbf8 30. Re6 Kh7 31. Ne7 f5 32. Ng6 Rg8 33. Qg3 Qa4 34. Ne7
Rgf8 35. Rxh6+ Kxh6 36. Qg6# 1-0

[Event "Chigorin Memorial"]
[Site "St Petersburg RUS"]
[Date "2012.10.30"]
[Round "4.100"]
[White "Grigorjev, Iljya"]
[Black "Mikheev, Stanislav"]
[Result "0-1"]
[BlackTitle "IM"]
[WhiteElo "2053"]
[BlackElo "2286"]
[WhiteFideId "24159565"]
[BlackFideId "4135920"]
[EventDate "2012.10.27"]

1. e4 e6 2. d4 d5 3. Nd2 Nf6 4. e5 Nfd7 5. Bd3 c5 6. c3 Nc6 7. Ne2 cxd4 8. cxd4
f6 9. exf6 Qxf6 10. Nf3 h6 11. O-O Bd6 12. Bc2 O-O 13. Ng3 Rf7 14. Re1 Nf8 15.
Be3 Bd7 16. a3 Be8 17. Qd2 Rc7 18. Rac1 Rac8 19. Bb1 Bf7 20. Kh1 a6 21. Ng1 Ng6
22. N1e2 Qh4 23. f4 Rf8 24. Rf1 Be8 25. Rf2 Nb8 26. Rxc7 Bxc7 27. Bd3 Bd6 28.
Rf1 Nd7 29. Qc1 Nf6 30. Bg1 Ne7 31. Qe3 Bf7 32. Qd2 Ng4 33. Rc1 Bg6 34. Rf1 Qf6
35. h3 Qh4 36. Qc2 Be8 37. Qd2 g5 38. fxg5 Rxf1 39. Nxf1 hxg5 40. Ne3 Nf6 41.
Bh2 Bxh2 42. Kxh2 g4 43. Ng1 Kg7 44. Qb4 Kf7 45. Qd2 Bb5 46. g3 Qh6 47. Qf2 Kg7
48. Bxb5 axb5 49. h4 Qg6 50. Ne2 Qb1 51. Nf4 Qe4 52. h5 Nc6 53. Neg2 Kf7 54. Ne2
Qf3 55. Kg1 Nxh5 56. Ne1 Qxf2+ 57. Kxf2 b4 58. axb4 Nxb4 59. Ke3 Kf6 60. Nd3
Nxd3 61. Kxd3 e5 62. dxe5+ Kxe5 63. Ke3 Ng7 64. Kd3 Nf5 65. b3 d4 66. b4 b5 67.
Nf4 Nxg3 68. Ng6+ Kf6 69. Nf4 Ke5 70. Ng6+ Kf5 71. Ne7+ Kf4 72. Ng6+ Kg5 73. Ne5
Nf5 74. Ke4 g3 75. Nf3+ Kg4 76. Ne5+ Kh3 77. Nf3 g2 78. Ng1+ Kh2 79. Nf3+ Kg3
80. Ng1 Nh4 81. Ne2+ Kf2 82. Nf4 Nf5 83. Kxf5 d3 84. Nxd3+ Ke3 85. Kg4 g1=Q+ 0-1

[Event "Chigorin Memorial"]
[Site "St Petersburg RUS"]
[Date "2012.10.30"]
[Round "4.101"]
[White "Solovyov, Viktor"]
[Black "Kazakov, Maksym"]
[Result "1-0"]
[WhiteElo "2265"]
[BlackElo "2015"]
[WhiteFideId "4102754"]
[BlackFideId "14128756"]
[EventDate "2012.10.27"]

1. Nf3 Nf6 2. c4 d6 3. d4 Nbd7 4. Nc3 e5 5. e4 Be7 6. Be2 O-O 7. O-O c6 8. Be3
Ng4 9. Bd2 Ngf6 10. Be3 Ng4 11. Bd2 Ngf6 12. d5 Nc5 13. Qc2 cxd5 14. cxd5 a5 15.
Be3 b6 16. Nd2 Ng4 17. Bxg4 Bxg4 18. a3 a4 19. Bxc5 bxc5 20. Nxa4 Bg5 21. Nc4
Ra7 22. Nc3 Rb7 23. a4 Bf4 24. f3 Rb4 25. Ne2 Bc8 26. Nxf4 Ba6 27. Nxe5 dxe5 28.
Ne2 Qg5 29. Rf2 Rfb8 30. Qxc5 Rxb2 31. Ng3 h5 32. Nf1 Rb1 33. Rxb1 Rxb1 34. f4
Qg4 35. Qc2 Re1 36. h3 Qd7 37. Qc3 Rb1 38. Qf3 Qxa4 39. fxe5 Qd4 40. Qxf7+ Kh7
41. Qxh5+ Kg8 42. Qf7+ Kh8 43. Qf8+ Kh7 44. Qf5+ Kh8 45. Kh2 Rxf1 46. Rxf1 Bxf1
47. Qxf1 Qxe5+ 48. Kh1 Qxe4 49. Qd1 Qf5 50. d6 Qd7 51. Qd5 Kh7 52. Kh2 Kg6 53.
g4 Qc8 54. Qf5+ 1-0

[Event "Chigorin Memorial"]
[Site "St Petersburg RUS"]
[Date "2012.10.30"]
[Round "4.102"]
[White "Kantyshev, Nikita"]
[Black "Fomichenko, Svetlana"]
[Result "1-0"]
[BlackTitle "WGM"]
[WhiteElo "1898"]
[BlackElo "2256"]
[WhiteFideId "4186737"]
[BlackFideId "14101807"]
[EventDate "2012.10.27"]

1. e4 c5 2. Nf3 Nc6 3. d4 cxd4 4. Nxd4 e5 5. Nb5 a6 6. Nd6+ Bxd6 7. Qxd6 Qe7 8.
Qd1 Nf6 9. Nc3 O-O 10. Bd3 h6 11. O-O d6 12. Bc4 Be6 13. Bd5 Rac8 14. a4 Nb4 15.
Be3 Nfxd5 16. exd5 Bf5 17. Rc1 Qf6 18. f4 Qg6 19. Rf2 f6 20. Qd2 Rf7 21. Ne4
Bxe4 22. Qxb4 Bxd5 23. Qxd6 Qe4 24. Re1 Rc6 25. Qd8+ Rf8 26. Qa5 exf4 27. Bxf4
Qd4 28. Be3 Qe5 29. Bxh6 Rc5 30. Qb4 a5 31. Qd2 Rxc2 32. Rxe5 Rxd2 33. Rxd2 fxe5
34. Rxd5 gxh6 35. Rxe5 Rc8 36. Rxa5 Rc1+ 37. Kf2 Rc2+ 38. Kg3 Rxb2 39. Rb5 Ra2
40. Rb4 Ra3+ 41. Kh4 Ra2 42. h3 Kf8 43. g3 Ra3 44. Rg4 Rc3 45. Kh5 Rc6 46. Rg6
Rc4 47. Kxh6 Rxa4 48. g4 b5 49. Rb6 Rb4 50. Kg6 Ke7 51. g5 Kd7 52. Kg7 Kc7 53.
Rf6 Rd4 54. g6 b4 55. Rf3 Rd8 56. Kh7 Rd4 57. g7 Rh4+ 58. Kg6 1-0

[Event "Chigorin Memorial"]
[Site "St Petersburg RUS"]
[Date "2012.10.30"]
[Round "4.104"]
[White "Schepetkova, Margarita"]
[Black "Kamnev, Alexander"]
[Result "1-0"]
[WhiteElo "2239"]
[BlackElo "1885"]
[WhiteFideId "4189949"]
[BlackFideId "24176753"]
[EventDate "2012.10.27"]

1. d4 d5 2. c4 e6 3. Nc3 Be7 4. cxd5 exd5 5. Bf4 c6 6. e3 Bf5 7. g4 Bg6 8. h4 h6
9. Nf3 Nf6 10. Ne5 Ne4 11. Nxg6 fxg6 12. Nxe4 dxe4 13. Bc4 b5 14. Be2 Bxh4 15.
Qc2 O-O 16. Qxe4 g5 17. Rxh4 gxh4 18. Bd3 Qf6 19. O-O-O Nd7 20. Rg1 g6 21. g5
Qf5 22. gxh6 Qxe4 23. Bxe4 Rf6 24. Bxg6 Kh8 25. h7 Raf8 26. Be4 Re8 27. Bd3 h3
28. Kd2 h2 29. Rh1 Re7 30. Rxh2 Rg7 31. Ke2 a6 32. Rh5 Rgf7 33. Bg3 Rf8 34. Be4
R6f7 35. Bd6 Rxf2+ 36. Kd3 Nf6 37. Be5 Kg7 38. Rg5+ Kf7 39. Bxc6 Rh2 40. Bxh2 1-0

[Event "Chigorin Memorial"]
[Site "St Petersburg RUS"]
[Date "2012.10.30"]
[Round "4.106"]
[White "Lugovskoy, Maxim"]
[Black "Mitiushkin, Marat"]
[Result "1-0"]
[WhiteTitle "FM"]
[WhiteElo "2372"]
[BlackElo "1953"]
[WhiteFideId "24126454"]
[BlackFideId "4141849"]
[EventDate "2012.10.27"]

1. e4 c6 2. d4 d5 3. Nd2 dxe4 4. Nxe4 Nd7 5. Nf3 Ngf6 6. Neg5 h6 7. Nh3 g5 8.
Nhg1 Qc7 9. Bd3 Bg7 10. Ne2 e5 11. Ng3 O-O 12. O-O Nd5 13. Nf5 Nf4 14. Nxg5 Nxd3
15. Qxd3 Nf6 16. Nxg7 Kxg7 17. Qg3 Kh8 18. Qh4 Ng8 19. Nf3 e4 20. Bxh6 Nxh6 21.
Qxh6+ Kg8 22. Ng5 Bf5 23. Rae1 Rae8 24. Re3 f6 25. Rg3 1-0

[Event "Chigorin Memorial"]
[Site "St Petersburg RUS"]
[Date "2012.10.30"]
[Round "4.107"]
[White "Tsydypov, Zhamsaran"]
[Black "Suvorov, Aleksandr"]
[Result "1-0"]
[WhiteTitle "FM"]
[WhiteElo "2338"]
[BlackElo "2065"]
[WhiteFideId "4108566"]
[BlackFideId "24140953"]
[EventDate "2012.10.27"]

1. e4 Nf6 2. e5 Nd5 3. c4 Nb6 4. d4 d6 5. exd6 cxd6 6. Nc3 g6 7. Be3 Bg7 8. Rc1
O-O 9. b3 Nc6 10. d5 Ne5 11. h3 Re8 12. a4 a5 13. Be2 e6 14. Nb5 Bf8 15. Nf3
Nxf3+ 16. Bxf3 e5 17. c5 dxc5 18. d6 e4 19. Be2 Be6 20. Nc7 Qxd6 21. Qxd6 Bxd6
22. Nxe8 Rxe8 23. O-O Rc8 24. Bd2 Bxb3 25. Rb1 c4 26. Bd1 Nxa4 27. Bxb3 cxb3 28.
Rxb3 b6 29. Ra1 Rc4 30. Be3 f5 31. Rd1 Be7 32. g4 fxg4 33. hxg4 Rc6 34. Rd7 Nc5
35. Rc3 Kf8 36. Ra7 Ke8 37. g5 Kd8 38. Bf4 a4 39. Rh3 Ne6 40. Rxh7 Bc5 41. Be5 1-0

[Event "Chigorin Memorial"]
[Site "St Petersburg RUS"]
[Date "2012.10.30"]
[Round "4.108"]
[White "Leontiev, Aleksandr V."]
[Black "Ivanov, Sergei V."]
[Result "1-0"]
[WhiteTitle "IM"]
[WhiteElo "2321"]
[BlackElo "2060"]
[WhiteFideId "4122968"]
[BlackFideId "24170003"]
[EventDate "2012.10.27"]

1. c4 g6 2. e4 Bg7 3. d4 d6 4. Nc3 Nd7 5. f4 c5 6. d5 Bxc3+ 7. bxc3 Ngf6 8. Bd3
e5 9. dxe6 fxe6 10. Nf3 e5 11. O-O O-O 12. f5 gxf5 13. exf5 Qe7 14. Bh6 Re8 15.
Ng5 Kh8 16. Ne6 Rg8 17. Qf3 e4 18. Bxe4 Ne5 19. Qe2 Bxe6 20. fxe6 Nxe4 21. Qxe4
Qxe6 22. Bf4 Rae8 23. Rad1 Nxc4 24. Qxb7 Qg6 25. Bg3 Re6 26. Rf7 d5 27. Rdf1 Ne3
28. R1f2 Qe4 29. Rd2 Rge8 30. Rdf2 Rg8 31. Re2 Qd3 32. Rd2 Qe4 33. a4 h5 34. a5
Ng4 35. Re2 Ne3 36. Qd7 Qb1+ 37. Re1 Qe4 38. Rh7+ Qxh7 39. Qxe6 Ng4 40. h3 h4
41. Bf4 Rg6 42. Qe8+ Rg8 43. hxg4 1-0

[Event "Chigorin Memorial"]
[Site "St Petersburg RUS"]
[Date "2012.10.30"]
[Round "4.109"]
[White "Ulyanin, Sergei"]
[Black "Potyavin, Igor"]
[Result "1-0"]
[WhiteTitle "FM"]
[WhiteElo "2308"]
[BlackElo "2049"]
[WhiteFideId "24105805"]
[BlackFideId "4188233"]
[EventDate "2012.10.27"]

1. e4 c5 2. Nf3 d6 3. c3 Nf6 4. Be2 Nc6 5. d4 cxd4 6. cxd4 e6 7. Nc3 Be7 8. O-O
O-O 9. Bf4 a6 10. a4 d5 11. e5 Nd7 12. Bd3 f5 13. exf6 Nxf6 14. Bg5 Qb6 15. Qd2
Bb4 16. Rae1 Bd7 17. Bc2 Rf7 18. Qd3 Bd6 19. Ne5 Nb4 20. Qd2 Nxc2 21. Qxc2 Re7
22. Re3 Be8 23. Rfe1 Qxd4 1-0

[Event "Chigorin Memorial"]
[Site "St Petersburg RUS"]
[Date "2012.10.30"]
[Round "4.110"]
[White "Molchanova, Tatjana"]
[Black "Koshil, Tikhon"]
[Result "1-0"]
[WhiteTitle "WGM"]
[WhiteElo "2303"]
[BlackElo "2048"]
[WhiteFideId "4132203"]
[BlackFideId "4126637"]
[EventDate "2012.10.27"]

1. d4 Nf6 2. Nf3 g6 3. g3 b6 4. Bg2 Bb7 5. O-O Bg7 6. c4 e6 7. Nc3 O-O 8. d5
exd5 9. cxd5 d6 10. Nd4 Nbd7 11. Re1 Re8 12. Bg5 h6 13. Bxf6 Nxf6 14. Rc1 a6 15.
Qd2 Qd7 16. h3 Re7 17. e3 Rae8 18. b4 Re5 19. f4 R5e7 20. Kh2 h5 21. Rcd1 Nh7
22. Qd3 Qc8 23. Re2 Qa8 24. Rde1 Nf6 25. e4 b5 26. e5 dxe5 27. fxe5 Nxd5 28. Nf5
gxf5 29. Nxd5 Bxd5 30. Bxd5 c6 31. e6 f6 32. Bb3 h4 33. Rg1 hxg3+ 34. Rxg3 f4
35. Rg1 Qb8 36. Kh1 Qc7 37. Qf5 f3 38. Qxf3 Kf8 39. Rxg7 Rxg7 40. Qxf6+ Kg8 41.
e7+ Kh7 42. Qh4+ 1-0